Un ensayo sobre la liberación
Saved in:
| Hovedforfatter: | |
|---|---|
| Format: | Bog |
| Sprog: | spansk |
| Udgivet: |
Ciudad de México
Joaquín Mortiz
1969
|
| Udgivelse: | 1a. ed |
| Serier: | Cuadernos de Joaquín Mortiz, 3
|
| Fag: | |
| Tags: |
Tilføj Tag
Ingen Tags, Vær først til at tagge denne postø!
|
MARC
| LEADER | 00000nam a2200000 a 4500 | ||
|---|---|---|---|
| 001 | UCW5181 | ||
| 003 | CL-VaPUC | ||
| 008 | 901213e19690600MX |||||||||||||||||spa|d | ||
| 082 | 0 | 4 | |a 301 |b MAR |2 21 |
| 100 | |a Marcuse, Herbert |e autor |9 329251 | ||
| 245 | 1 | 3 | |a Un ensayo sobre la liberación |
| 250 | |a 1a. ed | ||
| 300 | |a 94 p | ||
| 942 | |c BK | ||
| 945 | |d 19901213 00:00:00 | ||
| 260 | |a Ciudad de México |b Joaquín Mortiz |c 1969 | ||
| 650 | 0 | |a Libertad |9 255686 | |
| 650 | 0 | |a Libertad de conciencia |9 310064 | |
| 650 | 0 | |a Sociología |9 255410 | |
| 650 | 0 | |a Socialismo |9 255260 | |
| 583 | |a last modification |c 20181024 16:38:03 |k Rodrigo Vera | ||
| 490 | 0 | |a Cuadernos de Joaquín Mortiz, 3 | |
| 999 | |c 218669 |d 218667 | ||
| 952 | |0 0 |1 0 |2 ddc |4 0 |6 301_000000000000000_MAR_1969 |7 0 |8 A |9 208579 |a BIBARQ |b BIBARQ |c PAC |d 2019-11-15 |i 2639947 |o 301 MAR 1969 |p 2639947 |r 2025-01-20 |w 2019-11-15 |y BK |k ARQ | ||
| 952 | |0 0 |1 0 |4 0 |6 301_000000000000000_MAR_1969 |7 0 |8 A |9 208580 |a BIBHIS |b BIBHIS |d 2019-11-15 |i 133235K |o 301 MAR 1969 |p 133235K |r 2025-01-20 |w 2019-11-15 |y BK |k HIS | ||
| 952 | |0 0 |1 0 |4 0 |6 301_000000000000000_MAR_1969 |7 0 |8 X |9 208581 |a FDOBUD |b FDOBUD |d 2019-11-15 |i 1073885 |o 301 MAR 1969 |p 1073885 |r 2019-11-15 |w 2019-11-15 |y BK_X |k BUD | ||